[Event "Grand Europe Open Albena"]
[Site "Albena BUL"]
[Date "2013.06.09"]
[Round "9.3"]
[White "Nabaty,T"]
[Black "Nevednichy,V"]
[Result "1-0"]
[WhiteElo "2579"]
[BlackElo "2580"]

1.d4 d6 2.e4 Nf6 3.Nc3 e5 4.Nf3 Nbd7 5.Bc4 exd4 6.Qxd4 Be7 7.Bf4 O-O 8.O-O-O Nb6
9.Bb3 a5 10.e5 dxe5 11.Qxd8 Bxd8 12.Nxe5 Be6 13.Bxe6 fxe6 14.Bg3 Nbd5 15.Nb5 Ne4
16.Nf3 c6 17.Nbd4 Nxg3 18.hxg3 Re8 19.Rhe1 Bb6 20.Ne5 a4 21.a3 Re7 22.Re2 Bc5
23.Ndf3 Rc8 24.Rde1 Ba7 25.Nd3 Rce8 26.Re4 c5 27.Nfe5 Rc8 28.c4 Nf6 29.R4e2 Rd8
30.Kc2 Rd6 31.Nf3 Re8 32.Nf4 Ng4 33.Nd5 Bb8 34.Nc3 Ra6 35.Rd1 Nf6 36.Ng5 Bc7
37.Nb5 Rc6 38.Nc3 h6 39.Nge4 Nxe4 40.Rxe4 Rf8 41.Re2 Ba5 42.Nxa4 g5 43.Rd7 Rf7
44.Rxf7 Kxf7 45.Re5 b6 46.Re3 Rc8 47.g4 Ke7 48.b3 Rd8 49.Rd3 Rf8 50.f3 Rb8
51.Re3 Kf6 52.Nb2 b5 53.cxb5 Rxb5 54.Re4 Bc7 55.Nd3 Bd6 56.Kc3 Rb8 57.Kc4 Rc8
58.a4 Ke7 59.Re1 Kd7 60.Rh1 Bf8 61.a5 Kc6 62.Re1 Re8 63.a6 Kb6 64.Ra1 Ka7
65.Nxc5 Bxc5 66.Kxc5 Rc8+ 67.Kd6 Rc2 68.Rh1 Rxg2 69.Rxh6 Rb2 70.Rf6 Rxb3
71.Kxe6 Re3+ 72.Kf7  1-0

[Event "FIDE World Blitz 2013"]
[Site "Khanty-Mansiysk RUS"]
[Date "2013.06.09"]
[Round "1.26"]
[White "Popov,Iv RUS"]
[Black "Kabanov,N"]
[Result "1/2-1/2"]
[WhiteElo "2632"]
[BlackElo "2472"]

1.e4 d6 2.d4 Nf6 3.Nc3 e5 4.dxe5 dxe5 5.Qxd8+ Kxd8 6.Bg5 Be6 7.g3 Kc8 8.f4 Bb4
9.Bd3 h6 10.Bxf6 Bxc3+ 11.bxc3 gxf6 12.Nf3 Nc6 13.O-O Kd8 14.Bb5 exf4 15.gxf4 Rg8+
16.Kf2 Bd7 17.Bc4 Ke7 18.Nd4 Na5 19.Be2 c5 20.Nb3 Nxb3 21.cxb3 Bc6 22.Bf3 Rad8
23.Ke3 f5 24.Rae1 Bxe4 25.Bxe4 fxe4 26.Kxe4 Rd2 27.Kf5+ Kf8 28.a4 Rgg2 29.h4 Rg3
30.Rd1 Rxd1 31.Rxd1 Ke7 32.Re1+ Kf8 33.Rd1 Ke7 34.Re1+ Kf8 35.Rd1 Ke7 36.Re1+ Kf8
37.Ke4  1/2-1/2

[Event "FIDE World Blitz 2013"]
[Site "Khanty-Mansiysk RUS"]
[Date "2013.06.09"]
[Round "1.1"]
[White "Guseinov,G"]
[Black "Grischuk,A"]
[Result "0-1"]
[WhiteElo "2631"]
[BlackElo "2779"]

1.e4 d6 2.d4 Nf6 3.Nc3 e5 4.Nf3 Nbd7 5.Bc4 Be7 6.O-O O-O 7.Re1 a6 8.a4 b6
9.Nd5 Bb7 10.Nxe7+ Qxe7 11.Bd3 Rfe8 12.c3 Nf8 13.Nh4 g6 14.Nf3 Nh5 15.Bg5 f6
16.Bd2 Ne6 17.Bf1 Kh8 18.g3 Rad8 19.Bg2 Nhg7 20.Qc2 g5 21.Rad1 Qf7 22.d5 Nf8
23.c4 Ng6 24.Bc3 Nh5 25.b4 Rg8 26.c5 Bc8 27.cxb6 cxb6 28.Nd2 b5 29.axb5 axb5
30.Nf1 Ngf4 31.Ne3 Nxg2 32.Nxg2 Nf4 33.f3 Qh5 34.g4 Qh3 35.Qf2 h5 36.Qg3 hxg4
37.fxg4 Bxg4 38.Rd2 Qh5 39.Ne3 Bd7 40.Kh1 Rg7 41.Rg1 Rh7 42.Bb2 Qg6 43.Qf3 Rg8
44.Rc2 Rh3 45.Rg3 Qh6 46.Rxh3 Bxh3 47.Rc6 g4 48.Qg3 Nh5 49.Qh4 Qg5 50.Qxg5 Rxg5
51.Rxd6 g3 52.hxg3 Rxg3 53.Nf5 Bxf5 54.exf5 Rb3 55.Bc1 Rd3 56.Kg2 Kg7 57.Kf2 Ng3
58.Rd8 Nxf5 59.Ke2 Rd4 60.Bd2 Ng3+ 61.Ke1 Ne4 62.Be3 Rxb4 63.d6 Rb3 64.Bb6 Rd3
65.Bc7 b4 66.Ke2 Rd4 67.Ke3 b3 68.Rb8 Nxd6  0-1

[Event "FIDE World Blitz 2013"]
[Site "Khanty-Mansiysk RUS"]
[Date "2013.06.09"]
[Round "3.4"]
[White "Najer,E"]
[Black "Khismatullin,D"]
[Result "0-1"]
[WhiteElo "2633"]
[BlackElo "2658"]

1.e4 d6 2.d4 Nf6 3.Nc3 e5 4.Nf3 Nbd7 5.Bc4 Be7 6.O-O O-O 7.a4 c6 8.Re1 exd4
9.Nxd4 Ne5 10.Bb3 Re8 11.Bf4 Bd7 12.Qd2 Bf8 13.Bg5 h6 14.Bh4 Ng6 15.Bg3 Nh5
16.Rad1 Qg5 17.Re3 Nxg3 18.hxg3 Bg4 19.Rde1 Rad8 20.Nf5 d5 21.f4 Qf6 22.exd5 Bc5
23.Kh2 Bxe3 24.Nxe3 Bc8 25.Qf2 h5 26.Kg1 h4 27.f5 hxg3 28.Qxg3 Nf8 29.Kh2 Qh6+
30.Kg1 Nh7 31.dxc6 bxc6 32.Qf2 Nf6 33.Re2 Qg5 34.Re1 Rd4 35.Re2 Rf4 36.Qe1 Bxf5
37.Nxf5 Rxe2 38.Nxe2 Rxf5 39.Nd4 Re5 40.Qf2 Qc1+ 41.Kh2 Ng4+  0-1

[Event "FIDE World Blitz 2013"]
[Site "Khanty-Mansiysk RUS"]
[Date "2013.06.09"]
[Round "3.28"]
[White "Ghaem Maghami,E"]
[Black "Al Sayed,Mohamad"]
[Result "1/2-1/2"]
[WhiteElo "2554"]
[BlackElo "2498"]

1.e4 d6 2.d4 Nf6 3.Nc3 e5 4.Nf3 Nbd7 5.Bc4 Be7 6.O-O O-O 7.Re1 a6 8.a4 b6
9.h3 Bb7 10.d5 c6 11.dxc6 Bxc6 12.Bg5 Qc7 13.Qe2 Qb7 14.Rad1 h6 15.Bxf6 Nxf6
16.b3 g6 17.Nd5 Nxd5 18.Bxd5 b5 19.axb5 axb5 20.Nh2 Kg7 21.Ng4 Bg5 22.Rd3 h5
23.Ne3 Bxe3 24.Qxe3 Rfc8 25.Re2 Ra2 26.Qd2 Qb6 27.Qd1 Qc5 28.Bxc6 Rxc6 29.Rd5 Qc3
30.Qd2 Rxc2 31.Qxc2 Qxc2 32.Rxc2 Rxc2 33.Rxb5 Kf6 34.h4 Ke6 35.f3 f5 36.Rb8 fxe4
37.fxe4 Re2 38.Rb4 Kd7 39.Kh2 Re3 40.Rb7+ Kc6 41.Rb4 Kc5 42.Rc4+ Kb5 43.g3 Rxb3
44.Rc7 Rf3 45.Rg7 Rf6 46.g4 hxg4 47.Kg3 Kc4 48.Kxg4 Kd4 49.Kg5 Re6 50.Rxg6 Re8
51.h5 Kxe4 52.Rxd6 Kf3 53.Rf6+ Ke2 54.h6 e4 55.h7 e3 56.Kf4 Rh8 57.Rh6 Kd3
58.Rd6+ Ke2 59.Rh6 Kd3 60.Rh3 Kd2 61.Ke4  1/2-1/2

[Event "FIDE World Blitz 2013"]
[Site "Khanty-Mansiysk RUS"]
[Date "2013.06.09"]
[Round "4.22"]
[White "Guseinov,G"]
[Black "Kabanov,N"]
[Result "1-0"]
[WhiteElo "2631"]
[BlackElo "2472"]

1.e4 d6 2.d4 Nf6 3.Nc3 e5 4.Nf3 Nbd7 5.Bc4 Be7 6.O-O O-O 7.Re1 exd4 8.Nxd4 Nb6
9.Bd3 c5 10.Nf3 d5 11.exd5 Nfxd5 12.Nxd5 Nxd5 13.h3 Nb4 14.Be4 Qxd1 15.Rxd1 f5
16.Bd5+ Nxd5 17.Rxd5 b6 18.Bg5 Bb7 19.Rd7 Bxf3 20.Bxe7 Bc6 21.Rd6 Rfe8 22.Bg5 Rac8
23.Be3 Red8 24.Rad1 Rxd6 25.Rxd6 Kf7 26.f3 Ke7 27.Bf4 Bd7 28.Kf2 Rc6 29.Rd2 Re6
30.h4 g6 31.a3 a5 32.Bc7 a4 33.Kg3 b5 34.Kf4 c4 35.Be5 Bc6 36.Bc3 h6 37.Bg7 h5
38.Bc3 Ke8 39.Kg5 Ke7 40.Bb4+ Ke8 41.Ba5 Bd7 42.Bc7 Ke7 43.c3 Ke8 44.g3 Ke7
45.f4 Ke8 46.Be5 Ke7 47.Rd5 Bc6 48.Rd4 Bd7 49.Bf6+ Ke8 50.Kxg6 Re2 51.Kxh5 Rxb2
52.Kg6 Rg2 53.h5 Rxg3+ 54.Bg5 Rxc3 55.h6 Rh3 56.h7  1-0

[Event "FIDE World Blitz 2013"]
[Site "Khanty-Mansiysk RUS"]
[Date "2013.06.09"]
[Round "5.21"]
[White "Mamedov,Rau"]
[Black "Kabanov,N"]
[Result "1-0"]
[WhiteElo "2637"]
[BlackElo "2472"]

1.e4 d6 2.d4 Nf6 3.Nc3 e5 4.Nf3 Nbd7 5.Bc4 Be7 6.O-O O-O 7.a4 c6 8.Ba2 a5
9.Bg5 h6 10.Bh4 Qb6 11.Rb1 Re8 12.Bg3 exd4 13.Nxd4 Nc5 14.Re1 Bf8 15.f3 Be6
16.Nxe6 fxe6 17.Bf2 d5 18.e5 Nfd7 19.f4 Qb4 20.Kh1 Qxf4 21.Bd4 Qh4 22.Re3 Nxa4
23.Nxa4 c5 24.c3 cxd4 25.cxd4 b5 26.Nc3 b4 27.Ne2 a4 28.Ra1 Rec8 29.Bb1 Nb6
30.Rh3 Qg4 31.Rf3 b3 32.h3 Qh4 33.Qd3 Qe4 34.Qd1 Qh4 35.Rf4 Qg5 36.Qd3 g6
37.h4 Qh5 38.Ng3 Rc1+ 39.Kh2 Rd1 40.Nxh5 Rxd3 41.Nf6+  1-0

[Event "FIDE World Blitz 2013"]
[Site "Khanty-Mansiysk RUS"]
[Date "2013.06.09"]
[Round "7.26"]
[White "Safarli,E"]
[Black "Al Sayed,Mohamad"]
[Result "1-0"]
[WhiteElo "2660"]
[BlackElo "2498"]

1.e4 d6 2.d4 Nf6 3.Nc3 e5 4.Nf3 Nbd7 5.Bc4 Be7 6.O-O O-O 7.Re1 a6 8.a4 b6
9.Nd5 Bb7 10.Nxe7+ Qxe7 11.Bd3 Rfe8 12.d5 Nc5 13.a5 b5 14.Bg5 h6 15.Bh4 g5
16.Bg3 Nh5 17.Bf1 Nf4 18.b4 Nd7 19.c4 bxc4 20.Bxc4 Nf6 21.Nd2 h5 22.f3 h4
23.Bf2 Kg7 24.Nf1 h3 25.Ne3 Bc8 26.g3 Ng2 27.Nxg2 hxg2 28.g4 Rh8 29.Kxg2 Rb8
30.Rb1 Nd7 31.Qe2 Nf8 32.Bg3 Ra8 33.Rbc1 Ng6 34.Bd3 Rb8 35.Rc4 Nf4+ 36.Bxf4 gxf4
37.Qf2 Rb7 38.Rec1 Qg5 39.Rxc7 Bxg4 40.Rxb7 Bc8+ 41.Kh1  1-0

[Event "FIDE World Blitz 2013"]
[Site "Khanty-Mansiysk RUS"]
[Date "2013.06.09"]
[Round "13.28"]
[White "Byambaa,Z"]
[Black "Kabanov,N"]
[Result "1/2-1/2"]
[WhiteElo "2285"]
[BlackElo "2472"]

1.e4 d6 2.d4 Nf6 3.Nc3 e5 4.Nf3 Nbd7 5.Bc4 Be7 6.O-O O-O 7.h3 exd4 8.Nxd4 Nb6
9.Be2 c5 10.Nf3 d5 11.exd5 Nfxd5 12.Ne4 Bf5 13.Ng3 Be6 14.c3 Qc7 15.Ng5 Bxg5
16.Bxg5 h6 17.Bd2 Rad8 18.Qc2 Nf4 19.Bxf4 Qxf4 20.Qe4 Qxe4 21.Nxe4 Na4 22.Bb5 Nxb2
23.Nxc5 Bd5 24.Rab1 Nc4 25.Nxb7 Rb8 26.Bxc4 Bxc4 27.Rfc1 Bxa2 28.Ra1 Bd5
29.Nc5 Rfc8 30.Nd3 Rc7 31.Nb4 Bc4 32.Na6 Bxa6 33.Rxa6 Rb3 34.c4 Rb2 35.c5 Kf8
36.c6 Rb6 37.Ra5 Rbxc6 38.Rxc6 Rxc6 39.Rxa7  1/2-1/2

[Event "FIDE World Blitz 2013"]
[Site "Khanty-Mansiysk RUS"]
[Date "2013.06.09"]
[Round "14.21"]
[White "Kurnosov,I"]
[Black "Khismatullin,D"]
[Result "1/2-1/2"]
[WhiteElo "2657"]
[BlackElo "2658"]

1.e4 d6 2.d4 Nf6 3.Nc3 e5 4.Nf3 Nbd7 5.Bc4 Be7 6.O-O O-O 7.a4 c6 8.Re1 exd4
9.Nxd4 Ne5 10.Ba2 Re8 11.h3 Bd7 12.f4 Ng6 13.Qd3 Bf8 14.Be3 Qc7 15.Nf3 Be6
16.Bxe6 fxe6 17.f5 Ne5 18.Nxe5 dxe5 19.Qc4 Qf7 20.a5 exf5 21.Qxf7+ Kxf7 22.exf5 e4
23.a6 b6 24.g4 Rad8 25.Red1 Bb4 26.Rxd8 Rxd8 27.Rd1 Rxd1+ 28.Nxd1 Nd5 29.Bd4 Nc7
30.Nf2 e3 31.Bxe3 Nxa6 32.Ne4 Nc7 33.Bd4 Be7 34.Kf2 Nd5 35.Kf3 Nb4 36.c3 Nd3
37.b3 c5 38.Be3 c4 39.b4 a5 40.bxa5 bxa5 41.Nd2 a4 42.Nxc4 Nb2 43.Nd2 a3
44.Nb3 Na4 45.Bd4 Bf6 46.Bxf6 gxf6 47.c4 a2 48.Ke3 Nc5 49.Na1 Ke7 50.Kd4 Kd6
51.h4 h6 52.Kc3 Ne4+ 53.Kb2 Nf2 54.Kxa2 Nxg4 55.Kb3 Ne3 56.Nc2 Nxf5 57.h5 Ng3
58.Kb4 Nxh5 59.c5+ Kc7 60.Kc4 Nf4 61.Kd4 h5 62.Ke4 Ne6 63.Kf5 h4 64.Kg4 Nxc5  1/2-1/2

[Event "FIDE World Blitz 2013"]
[Site "Khanty-Mansiysk RUS"]
[Date "2013.06.09"]
[Round "15.16"]
[White "Safarli,E"]
[Black "Pridorozhni,A"]
[Result "0-1"]
[WhiteElo "2660"]
[BlackElo "2512"]

1.e4 d6 2.d4 Nf6 3.Nc3 e5 4.Nf3 Nbd7 5.Bc4 Be7 6.O-O O-O 7.Re1 exd4 8.Nxd4 Nb6
9.Bd3 c5 10.Nf3 d5 11.exd5 Nfxd5 12.Nxd5 Nxd5 13.Bc4 Nb6 14.Qxd8 Bxd8 15.Bd3 Be6
16.Ng5 Bxg5 17.Bxg5 h6 18.Be3 Rac8 19.Be4 Rc7 20.b3 Nd5 21.Bd2 Rd7 22.Bf3 Nb4
23.Bxb4 cxb4 24.a3 bxa3 25.Rxa3 b6 26.b4 Rc8 27.c3 Rcc7 28.h3 g5 29.Rd1 Rxd1+
30.Bxd1 Kg7 31.Kf1 Kf6 32.Ke1 Bd5 33.g3 Ke5 34.Kd2 f5 35.Be2 f4 36.Ra1 Rd7
37.Ke1 Be4 38.Bb5 Rc7 39.Kd2 Bf5 40.Re1+ Kf6 41.gxf4 gxf4 42.h4 a5 43.bxa5 bxa5
44.Ra1 Ra7 45.c4 Kg6 46.c5 Kh5 47.Ra4 Kxh4 48.Rxf4+ Kg5 49.Ra4 h5 50.Ke3 h4
51.Kf3 Bc2 52.Rg4+ Kf5 53.Rxh4 a4 54.Rf4+ Ke5 55.Bc4 Rc7 56.Rh4 Rxc5 57.Rh5+ Kd4
58.Rxc5 Kxc5 59.Bf7 Kd4 60.Ke2 Kc3 61.f4 Bb3 62.Bg6 a3 63.Bb1 Kb2  0-1

[Event "FIDE World Blitz 2013"]
[Site "Khanty-Mansiysk RUS"]
[Date "2013.06.09"]
[Round "16.28"]
[White "Frolyanov,D"]
[Black "Kabanov,N"]
[Result "1-0"]
[WhiteElo "2570"]
[BlackElo "2472"]

1.e4 d6 2.d4 Nf6 3.Nc3 e5 4.Nf3 Nbd7 5.Bc4 Be7 6.O-O O-O 7.a4 c6 8.Re1 a5
9.h3 Nb6 10.Ba2 Nfd7 11.Be3 exd4 12.Bxd4 Nc5 13.Bxc5 dxc5 14.Qe2 Qc7 15.e5 Be6
16.Bxe6 fxe6 17.Ne4 Rad8 18.c4 Nd7 19.Neg5 Bxg5 20.Nxg5 Rde8 21.Rad1 h6 22.Ne4 Re7
23.Nd6 Nb6 24.b3 Nc8 25.Rd3 Rd8 26.Red1 Rf8 27.Qg4 b6 28.Qg6 Na7 29.Rg3 Kh8
30.Re3 Qb8 31.Rdd3 Nc8 32.Qe4 Qc7 33.Rf3 Rg8 34.Qg6 Na7 35.Rf7 Rb8  1-0

[Event "Mitropa Cup Women 2013"]
[Site "Meissen GER"]
[Date "2013.06.09"]
[Round "9.5"]
[White "Juhasz,Ba"]
[Black "Srebrnic,A"]
[Result "0-1"]
[WhiteElo "2153"]
[BlackElo "2203"]

1.e4 d6 2.d4 Nf6 3.Nc3 e5 4.Nf3 Nbd7 5.Bc4 Be7 6.O-O O-O 7.Re1 a6 8.a4 b6
9.h3 Bb7 10.Qe2 c6 11.Ba2 b5 12.axb5 axb5 13.b4 exd4 14.Nxd4 Re8 15.Bb2 d5
16.exd5 Bxb4 17.Qd2 Rxe1+ 18.Qxe1 cxd5 19.Ndxb5 Qb6 20.Qf1 Bc6 21.Qd3 Bxc3
22.Nxc3 Qxb2 23.Rb1 Qa3 24.Rd1 Nc5 25.Qd4 Nce4 26.Nxe4 Nxe4 27.Bb3 h6 28.Rd3 Qa1+
29.Kh2 Qxd4 30.Rxd4 Nxf2 31.Bxd5 Bxd5 32.Rxd5 Rc8 33.Rd2 Ne4 34.Re2 f5 35.g4 g6
36.h4 h5 37.gxh5 gxh5 38.Kg2 Rc3 39.Re1 Kf7 40.Ra1 Kf6 41.Ra5 Rc5 42.Ra8 Ke5
43.Rh8 Rxc2+ 44.Kg1 Nf6 45.Ra8 Rc4 46.Ra5+ Nd5  0-1

[Event "2nd Grand Europe Open 2013"]
[Site "Golden Sands BUL"]
[Date "2013.06.10"]
[Round "1.12"]
[White "Solodovnichenko,Y"]
[Black "Ionescu,I"]
[Result "1-0"]
[WhiteElo "2565"]
[BlackElo "2222"]

1.e4 d6 2.d4 Nf6 3.Nc3 e5 4.Nf3 Nbd7 5.Bc4 Be7 6.O-O O-O 7.a4 c6 8.Re1 b6
9.Ba2 a6 10.h3 Bb7 11.dxe5 dxe5 12.Nh4 b5 13.Nf5 b4 14.Nb1 Nc5 15.Qxd8 Bxd8
16.Nd6 Rb8 17.Nd2 Bc7 18.Nxb7 Rxb7 19.Bc4 Rd8 20.a5 Bb8 21.f3 Ba7 22.Kh2 Ne8
23.Bf1 Nd6 24.Nc4 Nxc4 25.Bxc4 b3 26.Ra3 bxc2 27.Re2 Rd1 28.Rxc2 h5 29.h4 Rbd7
30.b4 Ne6 31.Bxe6 fxe6 32.Rac3 Rf1 33.Be3 Bd4 34.Rd3 Re1 35.Bxd4 exd4 36.Rxc6 Re3
37.Rd2 d3 38.Rc3 Kf7 39.Kg3 Rd4 40.Kf2 Re2+ 41.Rxe2 dxe2 42.Kxe2 Rxb4 43.Rc6 Rb7  1-0

[Event "FIDE World Blitz 2013"]
[Site "Khanty-Mansiysk RUS"]
[Date "2013.06.10"]
[Round "18.4"]
[White "Mamedov,Rau"]
[Black "Grischuk,A"]
[Result "1/2-1/2"]
[WhiteElo "2637"]
[BlackElo "2779"]

1.e4 d6 2.d4 Nf6 3.Nc3 e5 4.Nf3 Nbd7 5.Bc4 Be7 6.O-O O-O 7.a4 a6 8.Re1 b6
9.d5 g6 10.b3 Nh5 11.Ne2 Ng7 12.Bh6 Nf6 13.Ng3 Kh8 14.a5 b5 15.Bd3 Ng4 16.Bxg7+ Kxg7
17.h3 Nf6 18.c4 bxc4 19.Bxc4 Ne8 20.Rc1 f5 21.exf5 gxf5 22.Qc2 Kh8 23.b4 Ng7
24.Bf1 Ra7 25.Qe2 Bf6 26.Qe3 Ra8 27.Qd2 Rf7 28.b5 axb5 29.Bxb5 e4 30.Bc6 Ra6
31.Nd4 Bg5 32.Qb4 Bxc1 33.Rxc1 Qg5 34.Re1 Rf8 35.Bb5 Ra8 36.Bc6 Ra6 37.Bb5 Ra8
38.Bc6 Ra6  1/2-1/2

[Event "FIDE World Blitz 2013"]
[Site "Khanty-Mansiysk RUS"]
[Date "2013.06.10"]
[Round "19.21"]
[White "Khairullin,I"]
[Black "Pasiev,R"]
[Result "1-0"]
[WhiteElo "2658"]
[BlackElo "2384"]

1.d4 d6 2.e4 Nf6 3.Nc3 c6 4.f4 e5 5.Nf3 exd4 6.Qxd4 Qb6 7.Bd3 Bg4 8.Be3 Qxd4
9.Nxd4 Bd7 10.h3 b5 11.e5 b4 12.exf6 bxc3 13.bxc3 gxf6 14.Rb1 d5 15.O-O Bc5
16.f5 O-O 17.Bf4 Bb6 18.Kh2 c5 19.Nb5 c4 20.Be2 Na6 21.Bf3 Bc6 22.Nd4 Bb7
23.Rfe1 Rfe8 24.Rxe8+ Rxe8 25.Nb5 Bc6 26.Nd6 Rd8 27.Nxc4 dxc4 28.Bxc6 Nc5
29.Rb4 Rd1 30.Rxc4 Nd7 31.Bxd7 Rxd7 32.Bh6 Rd8 33.Rg4+  1-0

[Event "FIDE World Blitz 2013"]
[Site "Khanty-Mansiysk RUS"]
[Date "2013.06.10"]
[Round "19.17"]
[White "Gundavaa,B"]
[Black "Bologan,V"]
[Result "1-0"]
[WhiteElo "2516"]
[BlackElo "2672"]

1.d4 d6 2.e4 Nf6 3.Nc3 e5 4.Nf3 Nbd7 5.Bc4 Be7 6.O-O O-O 7.Re1 c6 8.a4 h6
9.a5 Re8 10.h3 Bf8 11.d5 cxd5 12.Nxd5 Nxd5 13.Qxd5 Qe7 14.b3 Nc5 15.Qd2 Be6
16.Bd5 Rac8 17.Ba3 Qf6 18.Bxc5 Rxc5 19.Nh2 Bxd5 20.exd5 h5 21.Nf1 g6 22.c4 a6
23.Ng3 Rc7 24.Ne4 Qd8 25.Rad1 f5 26.Nc3 Rf7 27.b4 Qc8 28.Qe2 Qd7 29.Qa2 Kh7
30.Na4 e4 31.Nb6 Qd8 32.c5 dxc5 33.d6 Rf6 34.bxc5 Bg7 35.Qd5 f4 36.Rxe4 f3
37.Rxe8 Qxe8 38.d7 Qd8 39.Qxb7 fxg2 40.Qc8 Qe7 41.d8=Q Qe2 42.Qd2  1-0

[Event "FIDE World Blitz 2013"]
[Site "Khanty-Mansiysk RUS"]
[Date "2013.06.10"]
[Round "21.20"]
[White "Vasquez Schroeder,R"]
[Black "Pridorozhni,A"]
[Result "1/2-1/2"]
[WhiteElo "2542"]
[BlackElo "2512"]

1.e4 d6 2.d4 Nf6 3.Nc3 e5 4.Nf3 Nbd7 5.Bc4 Be7 6.O-O O-O 7.Re1 exd4 8.Nxd4 Nb6
9.Bf1 c5 10.Nf3 d5 11.exd5 Nfxd5 12.Nxd5 Nxd5 13.c3 Bf6 14.Qb3 Nb6 15.a4 Be6
16.c4 Qc7 17.a5 Nd7 18.a6 b6 19.Bd3 Rad8 20.Qc2 h6 21.Be3 Nb8 22.Bh7+ Kh8
23.Be4 Nc6 24.Rad1 Nb4 25.Qc1 Rxd1 26.Rxd1 Rd8 27.Rxd8+ Qxd8 28.Bxh6 Bxb2
29.Qb1 Bf6 30.Bf4 Bxc4 31.h4 Bxa6 32.Ng5 Kg8 33.Qb3 Bxg5 34.hxg5 Bd3 35.Bf3 a5
36.g6 Bxg6 37.Qa4 Bd3 38.Qb3 b5 39.Qc3 c4 40.Qe5 Qd7 41.Qb8+ Kh7 42.Qe5 Bg6
43.Be3 f6 44.Qh2+ Kg8 45.Qb8+ Qe8 46.Qd6 Nd3 47.Bc6 Qe5 48.Qd8+ Kh7 49.Bd5 Qe8
50.Qxa5 Bf7 51.Bxf7 Qxf7 52.Qxb5 Ne5 53.Qc5 Qe6 54.Qd4 Ng4 55.Bd2 Kg6 56.f3 Ne5
57.Kf1 Qf5 58.Kg1 Qd3 59.Qf4 Qf5 60.Qg3+ Kf7 61.Qh4 Qd3 62.Qh5+ Ke7 63.Bb4+ Kd7
64.Kh2 c3 65.Qh8 c2 66.Qxg7+ Ke6 67.Qg8+ Kd7 68.Qg7+ Kc8 69.Qf8+ Kb7 70.Qc5 Nc6
71.Ba3 Qh7+ 72.Kg1 Qd3 73.Kh2 f5 74.Bc1 Kc7 75.Bf4+ Kd8 76.Kg3 Nd4 77.Qc7+ Ke8
78.Bd6 Ne2+ 79.Kf2 Qxd6 80.Qxd6 c1=Q 81.Qe6+ Kd8 82.Qxe2 f4 83.Qd3+ Ke7 84.Qe2+ Kf6
85.Qe1 Qc5+ 86.Kf1 Qd6 87.Qc3+ Kf5 88.Qc2+ Kg5 89.Kg1 Qd4+ 90.Kh2 Qh8+ 91.Kg1 Qa1+
92.Kf2 Qd4+ 93.Ke2 Qe3+ 94.Kf1 Qd4 95.Qc1 Kf5 96.Qc8+ Kg5 97.Qg4+ Kf6 98.Qh4+ Kf5
99.Qf2 Qa1+ 100.Qe1 Qd4 101.Qb1+ Kg5 102.Qe4 Qa1+ 103.Kf2 Qb2+ 104.Kg1 Qa1+
105.Kh2 Qh8+ 106.Kg1 Qa1+ 107.Kf2 Qb2+ 108.Kf1 Qa1+ 109.Qe1 Qd4 110.Qe7+ Kf5
111.Qe1 Kg5 112.Qa5+ Kf6 113.Qa6+ Kg5 114.Qb5+ Kf6 115.Qe2 Kf5 116.Qe1 Qd3+
117.Qe2 Qb1+ 118.Kf2 Qb6+ 119.Kf1 Qb1+ 120.Qe1 Qd3+ 121.Kg1 Qd4+ 122.Qf2 Qa1+
123.Qf1 Qd4+ 124.Qf2 Qa1+ 125.Kh2 Qh8+ 126.Kg1 Qa1+ 127.Qf1 Qd4+  1/2-1/2

[Event "FIDE World Blitz 2013"]
[Site "Khanty-Mansiysk RUS"]
[Date "2013.06.10"]
[Round "26.28"]
[White "Potapov,P"]
[Black "Kabanov,N"]
[Result "1-0"]
[WhiteElo "2460"]
[BlackElo "2472"]

1.e4 d6 2.d4 Nf6 3.Nc3 e5 4.Nf3 Nbd7 5.Bc4 Be7 6.O-O O-O 7.a4 c6 8.Re1 a5
9.h3 Nb6 10.Bb3 Nfd7 11.Be3 exd4 12.Nxd4 Nc5 13.Nf5 Bxf5 14.exf5 Nxb3 15.cxb3 Bf6
16.Qg4 d5 17.Bc5 Nd7 18.Bxf8 Qxf8 19.Rad1 Nc5 20.b4 axb4 21.Qxb4 Nxa4 22.Qxb7 Nxc3
23.bxc3 Bxc3 24.Re7 Rb8 25.Qa7 Ra8 26.Qb7 Rb8 27.Qa7 Rc8 28.Qb7 Rb8 29.Qa7 Rd8
30.Rc7 d4 31.Rxc6 g6 32.f6 h5 33.Qe7 Re8 34.Qxf8+ Kxf8 35.Rd6 Kg8  1-0

[Event "27th Pula Open 2013"]
[Site "Pula CRO"]
[Date "2013.06.10"]
[Round "3.2"]
[White "Zelcic,R"]
[Black "Zvan,Z"]
[Result "1/2-1/2"]
[WhiteElo "2537"]
[BlackElo "2288"]

1.e4 d6 2.d4 Nf6 3.Nc3 e5 4.Nf3 exd4 5.Nxd4 Be7 6.g3 O-O 7.Bg2 Bg4 8.f3 Bd7
9.O-O c5 10.Nde2 Bc6 11.Nf4 b5 12.Ncd5 Bxd5 13.Nxd5 Nxd5 14.Qxd5 Na6 15.Bf4 Qb6
16.Be3 Bf6 17.c3 b4 18.Qc4 Rab8 19.Rf2 Qa5 20.Rd1 Rfd8 21.Bf1 Nc7 22.Rfd2 bxc3
23.bxc3 Nb5 24.Rd3 Nxc3 25.Bd2 Qa4 26.Qxa4 Nxa4 27.Ba5 Nb2 28.Bxd8 Rxd8 29.Rb1 Nxd3
30.Bxd3 d5 31.exd5 Rxd5 32.Bc4 Rd7 33.Rb8+ Bd8 34.Bb5 Rd2 35.Rb7 Rxa2 36.Bc4 Rc2
37.Bxf7+ Kf8 38.Bd5 c4 39.Rf7+ Ke8 40.Rxg7 c3 41.Be4 Rb2 42.Rg8+ Ke7 43.Kf1 c2
44.Bxc2 Rxc2 45.Rg7+ Kf6 46.Rxa7 Rxh2 47.Kg1 Rh5 48.g4 Rh4 49.Kg2 Be7 50.Ra6+ Kg7
51.Ra7 Kf7 52.Ra5 Kg6 53.Rh5  1/2-1/2

[Event "Zonal 3.4 Women 2013"]
[Site "Osh KGZ"]
[Date "2013.06.11"]
[Round "5"]
[White "Atabayeva,O"]
[Black "Antonova,N"]
[Result "1/2-1/2"]
[WhiteElo "1994"]
[BlackElo "1929"]

1.e4 d6 2.d4 Nf6 3.Nc3 e5 4.dxe5 dxe5 5.Qxd8+ Kxd8 6.Bc4 Ke8 7.Nf3 Bd6 8.Bg5 c6
9.O-O-O Bc7 10.Rhe1 Nbd7 11.a3 h6 12.Bd2 b5 13.Ba2 a5 14.h3 Nc5 15.b4 axb4
16.axb4 Ncxe4 17.Nxe4 Nxe4 18.Rxe4 Rxa2 19.Kb1 Bf5 20.Rxe5+ Bxe5 21.Kxa2 Bf6
22.c3 Ke7 23.Kb2 Rd8 24.Re1+ Be6 25.Ra1 Bd5 26.Be3 Bxf3 27.gxf3 Rd3 28.Ra3 Rd7
29.Ra6 Kd6 30.Kb3 Kd5 31.Ra1 Ke6 32.Ra6 Kd5 33.Bc5 Rc7 34.Ra1 Ke6 35.Ra6 Be5
36.c4 bxc4+ 37.Kxc4 Kd7 38.Ra7 Ke6 39.Ra2 Kf5 40.Be3 Bd6 41.Rd2 Ke6 42.Bc5 Be5
43.Rd8 Rd7 44.Rc8 Rc7 45.Rd8 Rd7 46.Rc8 Rc7 47.Re8+ Kf5 48.Bb6 Rb7 49.Kc5 Bd4+
50.Kxd4 Rxb6 51.Kc5 Rb5+ 52.Kc4 Rb6 53.Re7 Kf6 54.Re4 Rb5 55.Re8 Rb6 56.Ra8 Ke6
57.Rg8 Kf6 58.Re8 Kf5 59.Re4 Rb5 60.Re7 Kf6 61.Ra7 Ke6 62.Rc7 Rb6 63.Rc8 Kd7
64.Rg8 g6 65.Rf8 Ke7 66.Rc8 Kd7 67.Rf8 Ke7 68.Rc8 Kd7  1/2-1/2

[Event "2nd Grand Europe Open 2013"]
[Site "Golden Sands BUL"]
[Date "2013.06.12"]
[Round "3.50"]
[White "Kiran,M"]
[Black "Kukov,V"]
[Result "1-0"]
[WhiteElo "2195"]
[BlackElo "2396"]

1.e4 d6 2.d4 Nf6 3.Nc3 e5 4.dxe5 dxe5 5.Qxd8+ Kxd8 6.Bc4 Ke8 7.Nf3 Bd6 8.Bg5 Nbd7
9.O-O-O a5 10.Rhe1 h6 11.Bxf6 Nxf6 12.Nd5 Nxd5 13.Bxd5 Ke7 14.Rd3 Rb8 15.Nd2 Bc5
16.Nf3 c6 17.Bb3 f6 18.Nh4 Rd8 19.Ng6+ Ke8 20.Rxd8+ Kxd8 21.f4 exf4 22.Nxf4 Bf2
23.Re2 Bg1 24.h3 g5 25.Nh5 Ke7 26.e5 f5 27.e6 f4 28.Re4 b5 29.Ng7 c5 30.Bd5 Be3+
31.Kb1 Bd4 32.Nf5+ Kf6 33.Nxh6 Ke7 34.Kc1 Kd6 35.e7 Bd7 36.Bf7 Be8 37.Nf5+ Kc7
38.Bxe8 Rxe8 39.c3 Bh8 40.Re6 c4 41.Ra6  1-0

[Event "17th Petr Izmailov"]
[Site "Tomsk RUS"]
[Date "2013.06.12"]
[Round "2.22"]
[White "Khanin,S"]
[Black "Yudin,S"]
[Result "1/2-1/2"]
[WhiteElo "2244"]
[BlackElo "2552"]

1.e4 d6 2.d4 Nf6 3.Nc3 e5 4.Nf3 Nbd7 5.Bc4 Be7 6.dxe5 Nxe5 7.Nxe5 dxe5 8.Qxd8+ Bxd8
9.f3 c6 10.a4 Ba5 11.Kf2 Nd7 12.Be3 Nb6 13.Bb3 Be6 14.Bxe6 fxe6 15.Bc5 O-O-O
16.b4 Nd7 17.Be7 Rde8 18.Bd6 Bb6+ 19.Ke2 Bd4 20.Kd3 Nb6 21.a5 Rd8 22.Be7 Rd7
23.Bg5 h6 24.Bc1 Na8 25.Rb1 Rhd8 26.Kc4 b5+ 27.Kb3 a6 28.Ne2 Ba7 29.f4 Rd1
30.Rxd1 Rxd1 31.fxe5 Re1 32.Nc3 Rg1 33.g3 Rg2 34.Bb2 Rxh2 35.Rf1 g5 36.Nd1 Rg2
37.Rf3 g4 38.Rd3 Nc7 39.Bc1 h5 40.Bf4 c5 41.bxc5 Bxc5 42.Ne3 Rg1 43.Nd1 Kb7
44.Bg5 b4 45.Nb2 Re1 46.Nc4 Kc6 47.Rd8 Rxe4 48.Rh8 Re1 49.Rxh5 Nb5 50.Bd2 Rg1
51.Nb2 Rg2 52.Bxb4 Nd4+ 53.Kc4 Rxc2+ 54.Bc3 Nb5 55.Na4 Bd4 56.Kd3 Ra2 57.Bxd4 Rxa4
58.Bb6 Kd5 59.Rh8 Ra3+ 60.Kd2 Rxg3 61.Ra8 Ke4 62.Rxa6 Rd3+ 63.Ke1 Kf3 64.Ra8 Nc3
65.Rf8+ Kg3 66.Rd8 Nd5 67.a6 Ra3 68.Bf2+ Kf3 69.Rf8+ Nf4 70.a7 Ra1+ 71.Kd2 Ra2+
72.Ke1 Ra1+  1/2-1/2

[Event "Zonal 3.4 Women 2013"]
[Site "Osh KGZ"]
[Date "2013.06.13"]
[Round "7"]
[White "Velieva,H"]
[Black "Nasriddinzoda,M"]
[Result "1-0"]
[WhiteElo "1995"]
[BlackElo "2017"]

1.e4 d6 2.d4 Nf6 3.Nc3 e5 4.Nf3 Nbd7 5.Bc4 Be7 6.O-O O-O 7.Qe2 exd4 8.Nxd4 Ne5
9.Bb3 c5 10.Nf3 Bg4 11.Bf4 Bxf3 12.gxf3 Nc6 13.Be3 Qd7 14.Kh1 Kh8 15.Rg1 a6
16.Rad1 Qe8 17.a4 Rc8 18.f4 g6 19.f3 Nh5 20.f5 gxf5 21.exf5 Rg8 22.Rxg8+ Qxg8
23.Rg1 Qe8 24.Ne4 Nd4 25.Bxd4+ cxd4 26.Qd2 Bf8 27.Qg5 Ng7 28.f6 Qe5 29.fxg7+ Bxg7
30.Nxd6  1-0

[Event "2nd Grand Europe Open 2013"]
[Site "Golden Sands BUL"]
[Date "2013.06.14"]
[Round "5.44"]
[White "Abramovic,B"]
[Black "Ionescu,I"]
[Result "1/2-1/2"]
[WhiteElo "2458"]
[BlackElo "2222"]

1.e4 d6 2.d4 Nf6 3.Nc3 e5 4.dxe5 dxe5 5.Qxd8+ Kxd8 6.Bc4 Be6 7.Bxe6 fxe6
8.f3 Nc6 9.Be3 Bd6 10.Nh3 a6 11.Nf2 Ke7 12.Nd3 b6 13.Nd1 Nb4 14.Nxb4 Bxb4+
15.c3 Bd6 16.Nf2 c5 17.Ke2 c4 18.a4 b5 19.Ra2 Rhb8 20.axb5 axb5 21.Rha1 Rxa2
22.Rxa2 Rb7 23.Ra6 h6 24.g3 Nd7 25.Ng4 Nb8 26.Ra8 b4 27.f4 bxc3 28.bxc3 Nd7
29.Ra4 Rb2+ 30.Kf3 h5 31.Nf2 exf4 32.gxf4 g5 33.e5 Bb8 34.Rxc4 gxf4 35.Bxf4 Nxe5+
36.Bxe5 Bxe5 37.Nd3 Rb5 38.Nxe5 Rxe5 39.Re4 Rc5 40.c4 Kf6 41.Ke3 e5 42.Kd3 Rc8
43.Re2 Rd8+ 44.Ke3 Rd4 45.Rc2 Ke6 46.c5 Kd7 47.c6+ Kc7 48.Rc5  1/2-1/2